| 000 | 00762nam a2200169 a 4500 | ||
|---|---|---|---|
| 008 | 200817s2004 ||||||||||||||||| || u | ||
| 020 | _a9781861976826 | ||
| 050 | _aHD 58.8 Mer | ||
| 100 | _aMerson, Rupert | ||
| 245 | 1 | 0 |
_aOwners: A BDO stoy hayward guide for growing businesses _cBy Rupert Merson |
| 260 |
_aLondon _bProfile Books Ltd _c2004 |
||
| 300 | _a85 pages | ||
| 350 | _a42.64 | ||
| 650 | 7 |
_aBUSINESS ENTERPRISES _2fast |
|
| 995 |
_FCBU-MAIN LIBRARY (Kitwe) _I42.64 _M2 _UAVAILABLE _WAug 18, 2020 _ZMain Library Open Access Collection |
||
| 995 |
_FCBU-MAIN LIBRARY (Kitwe) _I42.64 _M1 _UAVAILABLE _WAug 18, 2020 _ZMain Library Open Access Collection |
||
| 999 |
_c81721 _d81721 |
||